IPR Awareness in Pune Engineering Industry (Record no. 87489)

MARC details
000 -LEADER
fixed length control field 00400nam a2200169Ia 4500
008 - FIXED-LENGTH DATA ELEMENTS--GENERAL INFORMATION
fixed length control field 230125s9999 xx 000 0 und d
041 ## - LANGUAGE CODE
Language code of text/sound track or separate title eng
082 ## - DEWEY DECIMAL CLASSIFICATION NUMBER
Classification number 346.00469
Item number MCC
100 ## - MAIN ENTRY--PERSONAL NAME
Personal name MCCIA
9 (RLIN) 110618
245 ## - TITLE STATEMENT
Title IPR Awareness in Pune Engineering Industry
260 ## - PUBLICATION, DISTRIBUTION, ETC. (IMPRINT)
Date of publication, distribution, etc. 2008
Name of publisher, distributor, etc. MCCIA
Place of publication, distribution, etc. Pune
300 ## - PHYSICAL DESCRIPTION
Extent 112p
500 ## - GENERAL NOTE
Keywords IPR
650 ## - SUBJECT ADDED ENTRY--TOPICAL TERM
Topical term or geographic name as entry element Law
700 ## - ADDED ENTRY--PERSONAL NAME
Personal name MCCIA
9 (RLIN) 110618
Holdings
Withdrawn status Lost status Damaged status Not for loan Home library Current library Date acquired Vendor Cost, normal purchase price Total Checkouts Full call number Barcode Date last seen Cost, replacement price Bill Date Koha item type Original Barcode
        Smt. Hiraben Nanavati Institute of Management & Research for Women Smt. Hiraben Nanavati Institute of Management & Research for Women 21/11/2008 Satya Gilani 250.00   346.00469 MCC B06917 HIMR-BK-6917 25/01/2023 250.00 21/11/2008 Books B06917